| 000 | 00908nam a22002297a 4500 | ||
|---|---|---|---|
| 999 |
_c4307 _d4307 |
||
| 003 | AR-CdUCM | ||
| 008 | 190308b ||||| |||| 00| 0 spa d | ||
| 020 | _a9972-755-14-2 | ||
| 040 |
_aMUNICIPALIDAD PROVINCIAL DEL CUSCO _cBIBLIOTECA MUNICIPAL DEL CUSCO |
||
| 082 |
_23 ed. _a869.5 / _bM14 |
||
| 100 |
_aMacera, Pablo _913610 |
||
| 245 |
_aLa Ciudad y el tiempo : _bPisco, Porras y Valdelomar / |
||
| 260 |
_aLima : _bFondo Editorial del Congreso del Perú, _c1999 |
||
| 300 |
_a100 paginas ; _c20 cm. |
||
| 505 | _aContenido :Conferencias dadas en Pisco por Pablo Macera y Waldemar Espinoza sobre Raúl Porras Barrenechea, y por Manuel M. de Priego y Ricardo Silva-Santisteban sobre Abraham Valdelomar / | ||
| 650 |
_aLiteratura peruana _9169 |
||
| 650 |
_aHistoria urbana _913611 |
||
| 650 |
_aConferencias _9376 |
||
| 700 |
_aEspinoza Soriano, Waldemar _91898 |
||
| 942 |
_2ddc _cLIBROS |
||
| 945 | _arjall | ||